Quando nasce un genitore (Record n. 210552)

Dettagli MARC
000 -LEADER
fixed length control field 01227nam a2200205Ia 4500
001 - CONTROL NUMBER
control field b6488-46518
003 - CONTROL NUMBER IDENTIFIER
control field IT-MiCISF
008 - FIXED-LENGTH DATA ELEMENTS--GENERAL INFORMATION
fixed length control field 161014s9999||||xx |||||||||||||| ||und||
040 ## - CATALOGING SOURCE
Original cataloging agency IT-MiCISF
Transcribing agency IT-MiCISF
041 ## - LANGUAGE CODE
Language code of text/sound track or separate title it
999 ## - SYSTEM CONTROL NUMBERS (KOHA)
Koha Dewey Subclass [OBSOLETE] si
100 ## - MAIN ENTRY--PERSONAL NAME
Personal name Zaffini Giorgia
245 #0 - TITLE STATEMENT
Title Quando nasce un genitore
Remainder of title Stabilire un buon incontro con i figli
250 ## - EDITION STATEMENT
Edition statement 1a ed.
260 ## - PUBLICATION, DISTRIBUTION, ETC. (IMPRINT)
Place of publication, distribution, etc. Roma
Name of publisher, distributor, etc. Armando Ed.
Date of publication, distribution, etc. 2009
300 ## - PHYSICAL DESCRIPTION
Extent pp. 95
500 ## - GENERAL NOTE
General note / genitorialità, coppia, rapporti-genitori-figli, rapporti-genitori-figli, rapporti-padre-figli / Diventare genitori rappresenta oggi la riscoperta di un ruolo, l'assunzione di uno status; è una grande gioia ma molto spesso vi è anche un insieme di timori che i due neogenitori si vedono costretti a gestire. Come si cresce un figlio? Sarò all'altezza di questo compito? Come poter fare meglio? In questo libro l'A. fornisce risposte empatiche a questi e a tanti altri quesiti, proponendo attraverso una visione psicodinamica e una partecipazione emotiva una nuova modalità per poter crescere con i propri figli, riscoprendo il Sé e la propria libertà interiore.
650 ## - SUBJECT ADDED ENTRY--TOPICAL TERM
Topical term or geographic name as entry element Genitorialità e problemi educativi / genitorialità
Relator term 004
942 ## - ADDED ENTRY ELEMENTS (KOHA)
Koha item type LIBRO
957 ## -
-- 1
999 ## - SYSTEM CONTROL NUMBERS (KOHA)
-- 1
Dati di copia
Withdrawn status Lost status Damaged status Not for loan Home library Current library Date acquired Total Checkouts Full call number Date last seen Price effective from Koha item type Public note
    Buone Condizioni Not For Loan CISF - Milano CISF - Milano 14/10/2016   b6488-46518 14/10/2016 14/10/2016 LIBRO Data import 15.10.2016 / by Epidotti, Vaglietti
CREDITS: SOCIETA' SAN PAOLO Via A.Severo, 58 - ROMA (RM) & PERIODICI SAN PAOLO SRL Via Giotto, 36 MILANO & CISF Via Giotto, 36 MILANO & EDIZIONI SAN PAOLO SRL,  Piazza Soncino, 5 CINISELLO BALSAMO (MI) -- ITALY